| 000 | 00835nam a22001697a 4500 | ||
|---|---|---|---|
| 999 |
_c61450 _d61450 |
||
| 005 | 20240314170040.0 | ||
| 008 | 240314s1978 ru ||||| |||| 00| 0 rus d | ||
| 041 | _arus | ||
| 080 | _a902.6(477.7) K-55 | ||
| 100 |
_aКобылина, M. M. _921430 |
||
| 245 |
_aИзображения восточных божеств в Северном Причерноморье в первые века н. э _cМ.М. Кобылина; АН СССР, Ин-т археологии. |
||
| 264 |
_aМосква : _bНаука, _c1978. |
||
| 300 |
_a215 с. : _bил. ; _c17 см. |
||
| 653 | _aაღმოსავლური ღვთაებების გამოსახულებები ჩრდილოეთ შავი ზღვის რეგიონში | ||
| 653 | _aარქეოლოგია | ||
| 942 |
_2udc _cBK |
||